[Event "Padova op-A 5th"]
[Site "Padova"]
[Date "2002.12.22"]
[Round "5.44"]
[White "Zambon, Roberto"]
[Black "Trimboli, Carlo"]
[Result "1/2-1/2"]
[WhiteElo "1510"]
[BlackElo "1600"]
[PlyCount "83"]
[EventDate "2002.12.14"]
[EventType "swiss"]
[EventRounds "6"]
[EventCountry "ITA"]
[SourceTitle "EXT 2023"]
[Source "ChessBase"]
[SourceDate "2022.10.05"]
[SourceVersion "1"]
[SourceVersionDate "2022.10.05"]
[SourceQuality "1"]

1. d4 Nf6 2. Nf3 d6 3. g3 g6 4. Bg2 Bg7 5. 0-0 c6 6. c4 0-0 7. Nc3 Nbd7 8. e4 e5 9. d5 cxd5 10. cxd5 Nc5 11. Re1 a6 12. b4 Ncd7 13. Qb3 b5 14. a4 bxa4 15. Nxa4 Rb8 16. Ba3 Nc5 17. Nxc5 dxc5 18. Nxe5 Bd7 19. Nc4 Ne8 20. Rab1 Bd4 21. Qc2 Rc8 22. bxc5 Bxc5 23. Bxc5 Rxc5 24. Qa2 Bb5 25. Ne3 Qc8 26. Bf1 Nd6 27. Bxb5 Nxb5 28. Nd1 Nd4 29. Kg2 Qg4 30. Qxa6 Qf3+ 31. Kg1 Rfc8 32. Re3 Qg4 33. Qd3 Nc2 34. f3 Qg5 35. f4 Qd8 36. Re2 Qa5 37. Qd2 Qa7 38. Kh1 Rc4 39. Qd3 Rd4 40. Qb3 Rb4 41. Rxc2 Rxb3 42. Rxc8+ 1/2-1/2

[Event "Padova op-A 5th"]
[Site "Padova"]
[Date "2002.12.15"]
[Round "3.49"]
[White "Varotto, Adriano"]
[Black "Trimboli, Carlo"]
[Result "0-1"]
[WhiteElo "1428"]
[BlackElo "1600"]
[PlyCount "84"]
[EventDate "2002.12.14"]
[EventType "swiss"]
[EventRounds "6"]
[EventCountry "ITA"]
[SourceTitle "EXT 2023"]
[Source "ChessBase"]
[SourceDate "2022.10.05"]
[SourceVersion "1"]
[SourceVersionDate "2022.10.05"]
[SourceQuality "1"]

1. e4 d6 2. d4 Nf6 3. Nc3 g6 4. Nf3 Bg7 5. Bc4 0-0 6. 0-0 Nbd7 7. Be3 Ng4 8. h3 Nxe3 9. fxe3 e6 10. Ne2 b6 11. c3 Bb7 12. Ng3 Bh6 13. Qe2 Nf6 14. Nd2 Bg7 15. Rf2 d5 16. exd5 Bxd5 17. Bxd5 exd5 18. Nf3 Qd6 19. Nh1 Ne4 20. Rff1 Rae8 21. Nd2 Nxd2 22. Qxd2 Bh6 23. Rf3 Re7 24. Raf1 f5 25. g4 Ref7 26. gxf5 Rxf5 27. Rxf5 Rxf5 28. Rxf5 gxf5 29. Qg2+ Kh8 30. Qf3 Qe6 31. Kf2 Bg5 32. Ng3 Bh4 33. Qf4 Bxg3+ 34. Kxg3 Qg6+ 35. Kf3 Qh5+ 36. Kg3 Qf7 37. Qe5+ Kg8 38. Kf4 a6 39. Qxf5 Kf8 40. Qxf7+ Kxf7 41. Ke5 c6 42. Kd6 c5 0-1

[Event "Graticolato op-B U1700 8th"]
[Site "Santa Maria di Sala"]
[Date "2000.11.26"]
[Round "6.12"]
[White "Filippi, Lamberto"]
[Black "Trimboli, Carlo"]
[Result "1/2-1/2"]
[WhiteElo "1413"]
[BlackElo "1500"]
[PlyCount "130"]
[EventDate "2000.11.18"]
[EventType "swiss"]
[EventRounds "6"]
[EventCountry "ITA"]
[SourceTitle "EXT 2023"]
[Source "ChessBase"]
[SourceDate "2022.10.05"]
[SourceVersion "1"]
[SourceVersionDate "2022.10.05"]
[SourceQuality "1"]

1. d4 Nf6 2. Nf3 d5 3. c4 e6 4. Nc3 Be7 5. Bf4 a6 6. e3 0-0 7. Bd3 h6 8. 0-0 Nbd7 9. Re1 Bb4 10. a3 Bxc3 11. bxc3 Re8 12. Qc2 b6 13. e4 Nf8 14. e5 N6h7 15. Rad1 Bb7 16. cxd5 Bxd5 17. Be4 Bxe4 18. Qxe4 Qe7 19. Qc6 Ng6 20. Bg3 Rad8 21. c4 Qd7 22. Qb7 Qc8 23. Qe4 Nhf8 24. d5 Qa8 25. h4 Ne7 26. h5 Nf5 27. Bh2 Rd7 28. g4 Ne7 29. d6 Qxe4 30. Rxe4 Nc8 31. Red4 c6 32. Bf4 f6 33. exf6 gxf6 34. Bxh6 e5 35. R4d2 Re6 36. Bxf8 Kxf8 37. Nh4 Rexd6 38. Ng6+ Kg7 39. Rxd6 Rxd6 40. Rxd6 Nxd6 41. Ne7 c5 42. a4 Nxc4 43. Nd5 b5 44. axb5 axb5 45. Kf1 b4 46. Ke1 b3 47. Nc3 Nb2 48. Kd2 Nc4+ 49. Kc1 Nd6 50. f3 c4 51. Kb2 Kh6 52. Nd5 Kg5 53. Ne3 e4 54. fxe4 Nxe4 55. Nxc4 Kxg4 56. h6 Ng5 57. Ne3+ Kh5 58. Nf5 Nf7 59. Kxb3 Nxh6 60. Ne3 Ng4 61. Ng2 Nf2 62. Kc2 Kg4 63. Kd2 Kg3 64. Ne3 Kf4 65. Ke2 Ng4 1/2-1/2

[Event "Graticolato op-B U1700 8th"]
[Site "Santa Maria di Sala"]
[Date "2000.11.26"]
[Round "5.13"]
[White "Trimboli, Carlo"]
[Black "Nenzi, Laura"]
[Result "1-0"]
[WhiteElo "1500"]
[BlackElo "1600"]
[PlyCount "95"]
[EventDate "2000.11.18"]
[EventType "swiss"]
[EventRounds "6"]
[EventCountry "ITA"]
[SourceTitle "EXT 2023"]
[Source "ChessBase"]
[SourceDate "2022.10.05"]
[SourceVersion "1"]
[SourceVersionDate "2022.10.05"]
[SourceQuality "1"]

1. e4 e5 2. Nf3 Nc6 3. Bb5 d6 4. 0-0 Bd7 5. Nc3 Nf6 6. h3 Be7 7. a3 0-0 8. d3 a6 9. Bxc6 Bxc6 10. Bg5 b5 11. Bxf6 Bxf6 12. b4 Bb7 13. Ne2 d5 14. Ng3 Qe7 15. Qe2 g6 16. Rfd1 Bg7 17. Nd2 Qg5 18. Nf3 Qf4 19. Re1 Rae8 20. Qe3 Re7 21. Nd2 Bh6 22. Qxf4 Bxf4 23. Ngf1 f5 24. Re2 Bh6 25. Rae1 dxe4 26. dxe4 f4 27. f3 Bg5 28. Nh2 Kg7 29. Nb3 Rf6 30. Rd1 Rd6 31. Red2 Red7 32. Ng4 Bf6 33. Kf1 h5 34. Nf2 Be7 35. Nd3 Re6 36. Nbc5 Bxc5 37. Nxc5 Rxd2 38. Rxd2 Rb6 39. Rd7+ Kh6 40. Rxc7 Bc6 41. Re7 a5 42. Rxe5 axb4 43. axb4 Rb8 44. Re6 Be8 45. Ke2 Kg5 46. Rd6 Bf7 47. Kf2 h4 48. e5 1-0

[Event "Graticolato op-B U1700 8th"]
[Site "Santa Maria di Sala"]
[Date "2000.11.19"]
[Round "2.14"]
[White "Trimboli, Carlo"]
[Black "Ballarin, Gabriele"]
[Result "0-1"]
[WhiteElo "1500"]
[BlackElo "1600"]
[PlyCount "130"]
[EventDate "2000.11.18"]
[EventType "swiss"]
[EventRounds "6"]
[EventCountry "ITA"]
[SourceTitle "EXT 2023"]
[Source "ChessBase"]
[SourceDate "2022.10.05"]
[SourceVersion "1"]
[SourceVersionDate "2022.10.05"]
[SourceQuality "1"]

1. d4 Nf6 2. Nf3 e6 3. Bg5 Be7 4. e3 b6 5. Bd3 Bb7 6. Nbd2 c5 7. c3 h6 8. Bh4 d6 9. 0-0 Nbd7 10. Re1 g5 11. Bg3 Nh5 12. Nc4 Ndf6 13. Qc2 Nxg3 14. fxg3 Qc7 15. Ncd2 g4 16. Nh4 0-0-0 17. Rac1 Nd7 18. e4 Bg5 19. Qd1 h5 20. Rc2 Nf8 21. b4 d5 22. e5 c4 23. Be2 Ng6 24. Nxg6 fxg6 25. Nb1 Rhf8 26. Na3 a6 27. Nb1 Bc6 28. Rb2 Qd7 29. Rf1 Rf5 30. Qe1 Rdf8 31. Nd2 Qf7 32. Rxf5 gxf5 33. Bd1 Qd7 34. a3 Ba4 35. Nf1 f4 36. Rf2 Bxd1 37. Qxd1 Kb7 38. gxf4 Rxf4 39. Rxf4 Bxf4 40. g3 Bh6 41. a4 Qf7 42. Qe2 Qf5 43. Qf2 Qg6 44. a5 b5 45. Qf6 Qxf6 46. exf6 Kc7 47. Kf2 Kd7 48. Ke2 Ke8 49. Ne3 Bxe3 50. Kxe3 Kf7 51. Kf4 Kxf6 52. Ke3 Kg5 53. Kf2 Kf5 54. Ke3 e5 55. dxe5 Kxe5 56. Kd2 Ke4 57. Ke2 d4 58. Kd2 d3 59. Kd1 Kf3 60. Kd2 Kg2 61. Ke1 Kxh2 62. Kd2 Kxg3 63. Ke1 h4 64. Kf1 h3 65. Kg1 d2 0-1